| 000 | 00867nas a2200277 4500 | ||
|---|---|---|---|
| 001 | BR0806539 | ||
| 003 | BR-BrBNA | ||
| 005 | 20231205112137.0 | ||
| 007 | ta | ||
| 008 | 230509b bl.|||p| |||| 00| 00por d | ||
| 040 |
_aBR-BrBNA _bpor _cBiblioteca Nacional de Agricultura |
||
| 041 | _a(Es) | ||
| 072 | _aL52; L60 | ||
| 100 | 1 | _aGoes, L.C.F. | |
| 100 | 1 | _aFransozo, A. | |
| 245 | 1 | _aRelative growth of the hermit crag Dardanus insignis (Saussure, 1858)(Decapoda: Anomura: Diogenidae)from the Ubatuba region, SP, Brazil | |
| 650 | _aCARANGUEJO | ||
| 650 | _aCRESCIMENTO ANIMAL | ||
| 650 | _aTAXONOMIA ANIMAL | ||
| 650 | _aDISTRIBUIÇÃO GEOGRÁFICA | ||
| 650 | _aUBATUBA | ||
| 650 | _aSÃO PAULO | ||
| 773 | 0 |
_tNaturalia (Brazil) _xISSN 0001-1944 _g(2000), v. 25 p. 67-76 _wBR0806539 |
|
| 909 |
_a202311 _bLúcia _c55 _dLúcia Elande |
||
| 942 |
_2AGRIS _n0 _cANA |
||
| 999 |
_c196335 _d196335 |
||